Ciudades en emojis (Parte 2) - Estadísticas

Estadísticas generales
  • Esta prueba ha sido intentada 76 veces
    67 desde el último reinicio
  • La puntuación promedio es 12 de 20
Estadísticas de respuestas
Imagen Respuesta % Correcto
Venecia
100%
Milán
89%
Mánchester
80%
Mónaco
80%
Pamplona
78%
Florencia
72%
Nápoles
67%
Bruselas
65%
La Meca
65%
Liverpool
65%
Madrid
63%
Orlando
57%
Estambul
48%
Roma
48%
Dubái
46%
Barcelona
35%
Cartagena
35%
Buenos Aires
33%
Bangkok
28%
Miami
26%
No se encontraron pruebas coincidentes
Distribución de puntuación
Porcentaje de gente con cada puntuación
Porcentaje por número respondido
Historial de tus puntuaciones
No has intentado esta prueba desde el último reinicio